000 00346pab a2200157 454500
008 180718b1977 xxu||||| |||| 00| 0 eng d
100 _aKumar, Satish
245 _aOctroi - Can it be abolished?
260 _c1977
300 _ap.38-42.
362 _aOct-Dec
650 _aTaxation
773 _aNagarlok
908 _aN
909 _a102296
999 _c102294
_d102294